Advanced inorganic chemistry (Record no. 2836)

000 -LEADER
fixed length control field 00571nam a2200241u 4500
001 - CONTROL NUMBER
control field 2836
003 - CONTROL NUMBER IDENTIFIER
control field BD-DhUET
008 - FIXED-LENGTH DATA ELEMENTS--GENERAL INFORMATION
fixed length control field 890901s1965 ii 000 0 eng
020 ## - INTERNATIONAL STANDARD BOOK NUMBER
International Standard Book Number 8121902630
040 ## - CATALOGING SOURCE
Original cataloging agency DLC
Transcribing agency DLC
Modifying agency BD-DhUET
082 ## - DEWEY DECIMAL CLASSIFICATION NUMBER
Classification number 546
Item number PRA/2000
100 ## - MAIN ENTRY--PERSONAL NAME
Personal name Prakash, Satya
245 00 - TITLE STATEMENT
Title Advanced inorganic chemistry
250 ## - EDITION STATEMENT
Edition statement 1st ed.
260 ## - PUBLICATION, DISTRIBUTION, ETC. (IMPRINT)
Place of publication, distribution, etc. New York
Name of publisher, distributor, etc. S. Chand
Date of publication, distribution, etc. 2000
300 ## - PHYSICAL DESCRIPTION
Extent xvi, 1157p.
Other physical details ill.
500 ## - GENERAL NOTE
General note Vol. I
650 #0 - SUBJECT ADDED ENTRY--TOPICAL TERM
Topical term or geographic name as entry element Chemistry
700 ## - ADDED ENTRY--PERSONAL NAME
Personal name Tuli, G. D.
700 ## - ADDED ENTRY--PERSONAL NAME
Personal name Basu, S. K.
700 ## - ADDED ENTRY--PERSONAL NAME
Personal name Madan, R. D.
942 ## - ADDED ENTRY ELEMENTS (KOHA)
Koha item type General Book
Holdings
Koha issues (times borrowed) Date acquired Koha renewals Koha date last borrowed Koha date last seen Shelving location Withdrawn status Piece designation (barcode) Not for loan Sublocation or collection (holding branch) Damaged status Koha normalized classification for sorting Koha item type Copy number Location (home branch) Source of classification or shelving scheme Koha full call number Lost status Price effective from
52014-10-1222024-04-272024-05-26Circulation section 96435 Central Library, BUET 546_000000000000000_PRA_2000General Book1Central Library, BUET 546/PRA/2000 2014-10-12
122014-11-0912020-02-232020-02-24Circulation section 96433 Central Library, BUET 546PRA2000General Book2Central Library, BUET 546/PRA/2000 2014-11-09
 2015-06-16  2015-06-16Reading section 96431 Central Library, BUET 546_000000000000000_PRA_2000Reading Item3Central Library, BUET 546/PRA/2000 2015-06-16
62015-12-28 2019-08-242019-09-01Circulation section 96434 Central Library, BUET 546_000000000000000_PRA_2000General Book4Central Library, BUET 546/PRA/2000 2015-12-28